|
|
|
|
| LEADER |
03071nam a2200745 4500 |
| 001 |
ocn759159346 |
| 003 |
OCoLC |
| 005 |
20170124070321.8 |
| 006 |
m o d |
| 007 |
cr cn||||||||| |
| 008 |
110330s2011 mau ob 001 0 eng d |
| 040 |
|
|
|a E7B
|b eng
|e pn
|c E7B
|d OCLCQ
|d UIU
|d CDX
|d YDXCP
|d CUS
|d DG1
|d N$T
|d EBLCP
|d OCLCQ
|d OCLCA
|d OCLCF
|d P4I
|d NLGGC
|d OCLCO
|d OCLCQ
|d MHW
|d UKDOC
|d N$T
|d OCLCQ
|d TEFOD
|d OCLCQ
|d GrThAP
|
| 019 |
|
|
|a 755168837
|a 756280859
|a 761319837
|a 774491118
|a 814352288
|a 819339058
|
| 020 |
|
|
|a 9781444343779
|q (electronic bk.)
|
| 020 |
|
|
|a 1444343777
|q (electronic bk.)
|
| 020 |
|
|
|a 9781118468074
|q (electronic bk.)
|
| 020 |
|
|
|a 1118468074
|q (electronic bk.)
|
| 020 |
|
|
|a 9781444343786
|q (electronic bk.)
|
| 020 |
|
|
|a 1444343785
|q (electronic bk.)
|
| 020 |
|
|
|a 9781444343793
|q (electronic bk.)
|
| 020 |
|
|
|a 1444343793
|q (electronic bk.)
|
| 020 |
|
|
|z 9781444343809
|
| 020 |
|
|
|z 1444343807
|
| 020 |
|
|
|z 1405198818
|
| 024 |
8 |
|
|a 9786613258311
|
| 029 |
1 |
|
|a AU@
|b 000049641647
|
| 029 |
1 |
|
|a HEBIS
|b 275355160
|
| 029 |
1 |
|
|a NLGGC
|b 340588934
|
| 029 |
1 |
|
|a NZ1
|b 15915211
|
| 035 |
|
|
|a (OCoLC)759159346
|z (OCoLC)755168837
|z (OCoLC)756280859
|z (OCoLC)761319837
|z (OCoLC)774491118
|z (OCoLC)814352288
|z (OCoLC)819339058
|
| 037 |
|
|
|a 325831
|b MIL
|
| 037 |
|
|
|a A920A03E-205E-46C3-860C-06EF16C3B9C0
|b OverDrive, Inc.
|n http://www.overdrive.com
|
| 043 |
|
|
|a n-us---
|
| 050 |
|
4 |
|a PS25
|b .C59 2011eb
|
| 072 |
|
7 |
|a LIT
|x 004020
|2 bisacsh
|
| 082 |
0 |
4 |
|a 810.9
|2 22
|
| 084 |
|
|
|a 18.06
|2 bcl
|
| 049 |
|
|
|a MAIN
|
| 245 |
0 |
2 |
|a A companion to American literary studies /
|c edited by Caroline F. Levander and Robert S. Levine.
|
| 264 |
|
1 |
|a Malden, Mass. :
|b John Wiley & Sons,
|c 2011.
|
| 300 |
|
|
|a 1 online resource (xv, 576 pages).
|
| 336 |
|
|
|a text
|b txt
|2 rdacontent
|
| 337 |
|
|
|a computer
|b c
|2 rdamedia
|
| 338 |
|
|
|a online resource
|b cr
|2 rdacarrier
|
| 490 |
1 |
|
|a Blackwell companions to literature and culture ;
|v 78
|
| 504 |
|
|
|a Includes bibliographical references and index.
|
| 505 |
0 |
|
|a pt. 1. Forms -- pt. 2. Spaces -- pt. 3. Practices.
|
| 588 |
0 |
|
|a Print version record.
|
| 650 |
|
0 |
|a American literature
|x History and criticism.
|
| 650 |
|
0 |
|a Criticism
|z United States.
|
| 650 |
|
7 |
|a LITERARY CRITICISM
|x American
|x General.
|2 bisacsh
|
| 650 |
|
7 |
|a American literature.
|2 fast
|0 (OCoLC)fst00807113
|
| 650 |
|
7 |
|a Criticism.
|2 fast
|0 (OCoLC)fst00883735
|
| 650 |
1 |
7 |
|a Literatuuronderzoek.
|2 gtt
|
| 650 |
1 |
7 |
|a Bellettrie.
|2 gtt
|
| 651 |
|
7 |
|a United States.
|2 fast
|0 (OCoLC)fst01204155
|
| 651 |
|
7 |
|a Verenigde Staten.
|2 gtt
|
| 655 |
|
4 |
|a Electronic books.
|
| 655 |
|
7 |
|a Criticism, interpretation, etc.
|2 fast
|0 (OCoLC)fst01411635
|
| 700 |
1 |
|
|a Levander, Caroline Field,
|d 1964-
|
| 700 |
1 |
|
|a Levine, Robert S.
|q (Robert Steven),
|d 1953-
|
| 776 |
0 |
8 |
|i Print version:
|t Companion to American literary studies.
|d Malden, Mass. : John Wiley & Sons, 2011
|w (DLC) 2011012207
|
| 830 |
|
0 |
|a Blackwell companions to literature and culture ;
|v 78.
|
| 856 |
4 |
0 |
|u https://doi.org/10.1002/9781444343809
|z Full Text via HEAL-Link
|
| 994 |
|
|
|a 92
|b DG1
|